|
|
|
|
| LEADER |
01469nam a2200313 a 4500 |
| 001 |
15112012 |
| 008 |
110222s2009 njua b 001 0 eng d |
| 010 |
|
|
|a 2007050469
|
| 020 |
|
|
|a 9788131728024
|
| 020 |
|
|
|a 9780131586949
|
| 020 |
|
|
|a 0131586947
|
| 040 |
|
|
|a DLC
|c DLC
|d BAKER
|d C#P
|d YDXCP
|d BWX
|d BTCTA
|d DLC
|d BD-DhAAL
|
| 082 |
0 |
0 |
|a 658.3/01
|2 22
|
| 100 |
1 |
|
|a Phillips, Jean,
|d 1969-
|
| 245 |
1 |
0 |
|a Strategic staffing /
|c Jean M. Phillips, Stanley M. Gully.
|
| 260 |
|
|
|a Upper Saddle River, NJ ;
|a New Delhi :
|b Pearson/Prentice Hall,
|c c2009.
|
| 300 |
|
|
|a xv, 432 p. :
|b ill. (some col.) ;
|c 29 cm.
|
| 504 |
|
|
|a Includes bibliographical references and indexes.
|
| 541 |
1 |
|
|e 00021961
|
| 650 |
|
0 |
|a Personnel management.
|
| 650 |
|
0 |
|a Employee selection.
|
| 650 |
|
0 |
|a Strategic planning.
|
| 700 |
1 |
|
|a Gully, Stanley Morris.
|
| 852 |
4 |
|
|a Ayesha Abed Library
|j General shelf
|
| 942 |
0 |
0 |
|0 2
|
| 999 |
|
|
|c 10449
|d 10449
|
| 952 |
|
|
|0 0
|1 0
|2 ddc
|4 0
|6 658_301000000000000_PHI
|7 0
|9 14381
|a BRACUL
|b BRACUL
|c GEN
|d 2011-02-22
|e Parama
|g 475.00
|l 3
|m 31
|o 658.301 PHI
|p 3010021961
|r 2016-04-16
|s 2015-10-21
|t 1
|w 2011-02-22
|y BK
|
| 952 |
|
|
|0 0
|1 0
|2 ddc
|4 0
|6 658_301000000000000_PHI
|7 0
|9 14382
|a BRACUL
|b BRACUL
|c GEN
|d 2011-02-22
|e Parama
|g 475.00
|l 4
|m 22
|o 658.301 PHI
|p 3010021960
|r 2015-04-20
|s 2014-04-10
|t 2
|w 2011-02-22
|y BK
|
| 952 |
|
|
|0 0
|1 0
|2 ddc
|4 0
|6 658_301000000000000_PHI
|7 0
|9 14383
|a BRACUL
|b BRACUL
|c GEN
|d 2011-02-22
|e Parama
|g 475.00
|l 1
|o 658.301 PHI
|p 3010021959
|r 2015-10-27
|s 2015-10-21
|t 3
|w 2011-02-22
|y BK
|